LEADER 01321nam0M2200325--I450- 001 990001070990203316 005 20020418141140.0 035 $a000107099 035 $aUSA01000107099 035 $a(ALEPH)000107099USA01 035 $a000107099 100 $a20020418d--------km|y1itay0103----ba 101 0 $aita 102 $aIT 200 1 $a<>terremoto del 28 luglio 1883 a Casamicciola nell'isola d' Ischia$ela cronaca, il contesto fisico, storico e sociale, i soccorsi, la ricostruzione e le fonti documentarie del primo grande terremoto dopo l'unita d'Italia$fPresidenza del Consiglio dei ministri, Dipartimento per i servizi tecnici nazionali, Servizio sismico nazionale 210 $aRoma$dIstituto Poligra 215 $aXXXIII, 332 p., [1] c.$cill.$d30 cm. 606 $aTerremoti$yCasamicciola$z1883 676 $a551.220945 710 02$aITALIA$bServizio Sismico Nazionale$0553621 801 0$aIT$bICCU$c20020312 912 $a990001070990203316 958 $a551.220 945 ITA (A)$b161915/LM$c551$d00081211 958 $a551.220 945 ITA (B)$b161917/LM$c551$d00081210 959 $aBK 969 $aTEC 979 $aJOHNNY$b90$c20020418$lUSA01$h1411 979 $aPATRY$b90$c20040406$lUSA01$h1714 996 $aTerremoto del 28 luglio 1883 a Casamicciola nell'isola d' Ischia$9979559 997 $aUNISA LEADER 01399nam--2200397---450- 001 990000811940203316 005 20050630150026.0 010 $a88-464-3130-8 035 $a0081194 035 $aUSA010081194 035 $a(ALEPH)000081194USA01 035 $a0081194 100 $a20011220d2001----km-y0itay0103----ba 101 0 $aita 102 $aIT 105 $ay|||z|||001yy 200 1 $aProfessione mediatrice culturale$eun'esperienza di formazione nel settore materno infantile$fCRINALI, associazione di ricerca, cooperazione e formazione interculturale tra donne 210 $aMilano$cFranco Angeli$dcopyr. 2001 215 $a160 p.$d23 cm 225 2 $aPolitiche e servizi sociali 410 0$12001$aPolitiche e servizi sociali 606 $aDonne immigrate$xAssistenza$yItalia 606 $aMaternità$xAssistenza 676 $a362.830945 710 02$aCRINALI, associazione di ricerca, cooperazione e formazione interculturale tra donne$0550723 801 0$aIT$bsalbc$gISBD 912 $a990000811940203316 951 $aII.4.3007(XV E COLL 20/111)$b160238 L.M.$cXV E COLL$d00077980 959 $aBK 969 $auma 979 $aCHIARA$b90$c20011220$lUSA01$h1017 979 $c20020403$lUSA01$h1727 979 $aPATRY$b90$c20040406$lUSA01$h1656 979 $aCOPAT7$b90$c20050630$lUSA01$h1500 996 $aProfessione mediatrice culturale$9966672 997 $aUNISA